The shadow of a dream and an imperative duty /
Saved in:
| Main Author: | |
|---|---|
| Format: | Book (Paper) |
| Language: | English |
| Published: |
New York :
Twayne Publishers,
1962.
|
| Tags: |
Add Tag
No Tags, Be the first to tag this record!
|
| Institutions: | Thư viện Trường Đại học Đà Lạt |
|---|
| LEADER | 00679nam a2200265 4500 | ||
|---|---|---|---|
| 001 | DLU100111139 | ||
| 005 | ##20100830 | ||
| 040 | # | # | |a DLU |b vie |
| 041 | # | # | |a eng |
| 044 | # | # | |a us |
| 082 | # | # | |a 813 |b HO-W |
| 100 | # | # | |a Howells, William Dean. |
| 245 | # | # | |a The shadow of a dream and an imperative duty / |c William Dean Howells; edited for the modern reader by Edwin H. Cady. |
| 260 | # | # | |a New York : |b Twayne Publishers, |c 1962. |
| 300 | # | # | |a 235 p. ; |c 21 cm. |
| 923 | # | # | |a 100/2010 |
| 992 | # | # | |a 0 |
| 994 | # | # | |a DLU |
| 900 | # | # | |a True |
| 911 | # | # | |a Lý Thị Hồng Hạnh |
| 925 | # | # | |a G |
| 926 | # | # | |a A |
| 927 | # | # | |a SH |
| 980 | # | # | |a Thư viện Trường Đại học Đà Lạt |